Т. 2; Методы теоретической физики

Бібліографічні деталі
Parent link:Методы теоретической физики: пер. с англ./ Ф. М. Морс, Г. Фешбах. Т. 2.— , 1958-1960
Мова:Російська
Опубліковано: 1960
Предмети:
Формат: Книга
KOHA link:https://koha.lib.tpu.ru/cgi-bin/koha/opac-detail.pl?biblionumber=82348

MARC

LEADER 00000nam2a2200000 4500
001 82348
005 20231031095641.0
035 |a (RuTPU)RU\TPU\book\88494 
090 |a 82348 
100 |a 20051003d1960 km y0rusy50 ca 
101 1 |a rus  |c eng 
102 |a RU 
105 |a a z 001zy 
200 0 |a Т. 2 
210 |d 1960 
215 |a 896 с.  |c ил. 
320 |a Библиография в конце глав. 
320 |a Предметный указатель: с. 864-891 
461 1 |0 (RuTPU)RU\TPU\book\94422  |t Методы теоретической физики  |o пер. с англ.  |f Ф. М. Морс, Г. Фешбах  |v Т. 2  |d 1958-1960 
610 1 |a теоретическая физика 
610 1 |a математическая физика 
610 1 |a возмущений теория 
610 1 |a приближенные методы 
610 1 |a уравнения Лапласа 
610 1 |a уравнения Пуассона 
610 1 |a функции Бесселя 
610 1 |a функции Лежандра 
610 1 |a волновые уравнения 
610 1 |a диффузия 
610 1 |a волновые уравнения 
610 1 |a векторные поля 
675 |a 53:51  |v 3 
801 1 |a RU  |b 63413507  |c 20051003  |g PSBO 
801 2 |a RU  |b 63413507  |c 20151123  |g PSBO 
942 |c BK